Supply chain management : (Record no. 144340)
[ view plain ]
| 000 -LEADER | |
|---|---|
| fixed length control field | 00798nam a22002177a 4500 |
| 005 - DATE AND TIME OF LATEST TRANSACTION | |
| control field | 20180207114630.0 |
| 010 ## - LCCN (DPL NO) | |
| LC control number | 1718EN-30 |
| 020 ## - INTERNATIONAL STANDARD BOOK NUMBER | |
| International Standard Book Number | 9789332548206 |
| Terms of availability | 659.00 |
| 035 ## - SYSTEM CONTROL NUMBER | |
| System control number | B-684232-233 |
| 037 ## - SOURCE OF ACQUISITION | |
| Source of stock number/acquisition | BSB |
| Stock number | dpl |
| 082 ## - DEWEY DECIMAL CLASSIFICATION NUMBER | |
| Classification number | 658.5 |
| 100 ## - MAIN ENTRY--PERSONAL NAME | |
| Personal name | Shah, Janat |
| 245 ## - TITLE STATEMENT | |
| Title | Supply chain management : |
| Statement of responsibility, etc | by Janat Shah |
| Remainder of title | text and cases / |
| 250 ## - EDITION STATEMENT | |
| Edition statement | 2nd ed |
| 260 ## - PUBLICATION, DISTRIBUTION, ETC. (IMPRINT) | |
| Date of publication, distribution, etc | 2016 |
| Place of publication, distribution, etc | Noida |
| Name of publisher, distributor, etc | Pearson India |
| 270 ## - ADDRESS | |
| Address | 15th Floor,, Tower-B, World Trade, Plot No.1, Block-C, Sector-16, |
| City | Noida |
| Postal code | 201301 |
| 300 ## - PHYSICAL DESCRIPTION | |
| Dimensions | 27cm(pbk) |
| Extent | xxii,480p. : |
| Other physical details | ill. |
| 500 ## - GENERAL NOTE | |
| General note | Includes index |
| 942 ## - ADDED ENTRY ELEMENTS (KOHA) | |
| Item type | English Books |
| Source of classification or shelving scheme | Dewey Decimal Classification |
| Call number suffix | SHA |
| Classification part | 658.5 |
| Withdrawn status | Lost status | Not for loan | Collection code | Home library | Current library | Date acquired | Source of acquisition | Cost, normal purchase price | Full call number | Barcode | Copy number | Cost, replacement price | Koha item type |
|---|---|---|---|---|---|---|---|---|---|---|---|---|---|
| Non-fiction | Ashok Vihar | Ashok Vihar | 07/02/2018 | BSB/299/1.12.2017/BPPB/EN/2017-18/641/20.11.17/14.12.2017 | 659.00 | 658.5 SHA | B-684233 | 1 | 659.00 | English Books | |||
| Non-fiction | Central Library | Central Library | 07/02/2018 | BSB/299/1.12.2017/BPPB/EN/2017-18/641/20.11.17/14.12.2017 | 659.00 | 658.5 SHA | B-684232 | 1 | 659.00 | English Books |
